Project Runway Season 13 - Statistics

General Stats
  • This quiz has been taken 119 times
  • The average score is 15 of 16
Answer Stats
Place Finished Designer % Correct
7th place Alexander Knox
100%
Runner Up Amanda Valentine
100%
15th place Carrie Sleutskaya
100%
4th place Charketa "Char" Glover
100%
5th place Emily Payne
100%
9th place Fäde zu Grau
100%
16th place Jefferson Musanda
100%
3rd place Kiniokahokula "Kini" Zamora
100%
6th place Korina Emmerich
100%
11th place Kristine Guico
100%
12th place Mitchell Perry
100%
8th place Sandhya Garg
100%
Winner Sean Patrick Kelly
100%
14th place Angela Sum
75%
10th place Samantha Plasencia
75%
13th place Hernan Lander
50%
No matching quizzes found
Score Distribution
Percent of People with Each Score
Percentile by Number Answered
Your Score History
You have not taken this quiz